Countries With Megacities - Sudden Death - Statistics

General Stats
  • This quiz has been taken 1,217 times
  • The average score is 10 of 25
Answers on the Grid
Answers color-coded by a green-red scale on the quiz's grid according to % correct below.
Angola
Argentina
Australia
Bangladesh
Brazil
Canada
Chile
China
Colombia
D. R. Congo
Egypt
France
Germany
India
Indonesia
Iran
Iraq
Italy
Japan
Kenya
Malaysia
Mali
Mexico
Netherlands
Nigeria
Pakistan
Peru
Philippines
Poland
Russia
Saudi Arabia
Singapore
South Africa
South Korea
Spain
Sudan
Taiwan
Tanzania
Thailand
Turkey
United Arab Emirates
United Kingdom
United States
Vietnam
 
Answer Stats
Answer % Correct
Brazil
67%
China
67%
Argentina
51%
India
51%
Japan
51%
United States
50%
Bangladesh
49%
Egypt
49%
Indonesia
46%
Mexico
45%
United Kingdom
43%
France
42%
Russia
39%
Nigeria
37%
D. R. Congo
35%
Pakistan
35%
Philippines
35%
South Korea
35%
Turkey
33%
Iran
28%
Thailand
26%
Colombia
24%
Vietnam
23%
South Africa
22%
Peru
16%
No matching quizzes found
Score Distribution
Percent of People with Each Score
Percentile by Number Answered
Your Score History
You have not taken this quiz